Catálogo - Centro de Recursos para el Aprendizaje y la Investigación

Volver al Sitio - CRAI Biblioteca

La libre competencia y monopolio en los criterios de la Suprema Corte de Justicia de la Nación (Registro nro. 113948)

Detalles MARC
000 -CABECERA
campo de control de longitud fija 00691nam a22002057a 4500
001 - NÚMERO DE CONTROL
campo de control 113948
003 - IDENTIFICADOR DEL NÚMERO DE CONTROL
campo de control DR-UNIBE
005 - FECHA Y HORA DE LA ÚLTIMA TRANSACCIÓN
campo de control 20250813111824.0
008 - DATOS DE LONGITUD FIJA--INFORMACIÓN GENERAL
campo de control de longitud fija 250725b2008 mx ||||| |||| 00| 0 spa d
040 ## - FUENTE DE LA CATALOGACIÓN
Centro catalogador/agencia de origen BIBLIOTECA UNIBE
Lengua de catalogación spa
Centro/agencia transcriptor BIBLIOTECA UNIBE
Normas de descripción rda
041 ## - CÓDIGO DE LENGUA
Código de lengua del texto/banda sonora o título independiente spa
082 ## - NÚMERO DE LA CLASIFICACIÓN DECIMAL DEWEY
Número de clasificación F 5705
245 ## - MENCIÓN DE TÍTULO
Título La libre competencia y monopolio en los criterios de la Suprema Corte de Justicia de la Nación
260 ## - PUBLICACIÓN, DISTRIBUCIÓN, ETC.
Lugar de publicación, distribución, etc. [Lugar de publicación no identificado]
Nombre del editor, distribuidor, etc. UNICEF
Fecha de publicación, distribución, etc. 2011
300 ## - DESCRIPCIÓN FÍSICA
Extensión 61 páginas
490 ## - MENCIÓN DE SERIE
Mención de serie Serie cuaderno de jurisprudencia ;
Designación de volumen o secuencia 3
650 #7 - PUNTO DE ACCESO ADICIONAL DE MATERIA--TÉRMINO DE MATERIA
Fuente del encabezamiento o término lemb
Término de materia o nombre geográfico como elemento de entrada Jurisprudencia
Subdivisión geográfica México
9 (RLIN) 198365
650 #7 - PUNTO DE ACCESO ADICIONAL DE MATERIA--TÉRMINO DE MATERIA
Fuente del encabezamiento o término lemb
Término de materia o nombre geográfico como elemento de entrada Monopolio
Subdivisión general Legislación
Subdivisión geográfica México
9 (RLIN) 198366
942 ## - ELEMENTOS DE PUNTO DE ACCESO ADICIONAL (KOHA)
Fuente del sistema de clasificación o colocación Sistema de Clasificación Decimal Dewey
Tipo de ítem Koha Folleto
Existencias
Estado de retiro Estado de pérdida Fuente del sistema de clasificación o colocación Estado dañado No para préstamo Código de colección Localización permanente Fecha de adquisición Total de préstamos Signatura topográfica completa Código de barras Fecha visto por última vez Número de copia Precio válido a partir de Tipo de ítem Koha
  Disponible Sistema de Clasificación Decimal Dewey     Folletos Biblioteca Central UNIBE 13/08/2025   F 5705 F250144 13/08/2025 Ej. 1 13/08/2025 Folleto